Vplyv influencerov na nákupný rozhodovací proces spotrebiteľov vybranej generácie diplomová práca

Salvato in:
Dettagli Bibliografici
Autore principale: Štrba, Adam
Ente Autore: Obchodná fakulta EU. Katedra marketingu
Altri autori: Žák, Štefan, 1971-
Natura: Libro
Lingua:slovacco
Pubblicazione: Bratislava 2025
Tags: Aggiungi Tag
Nessun Tag, puoi essere il primo ad aggiungerne!!

MARC

LEADER 00000nbm a2200000 4500
001 0310139
005 20260311123005.0
041 0 |a slo 
044 |a SK 
245 1 0 |a Vplyv influencerov na nákupný rozhodovací proces spotrebiteľov vybranej generácie  |b diplomová práca  |c Adam Štrba ; školiteľ: Štefan Žák 
264 1 |a Bratislava  |c 2025 
300 |a 88 s. 
100 1 |a Štrba, Adam 
700 1 |a Žák, Štefan, 1971- 
710 2 |a Obchodná fakulta EU. Katedra marketingu